000 00994nas a2200337 4500
001 BR2010001968
003 BR-BrBNA
005 20231205114011.0
007 ta
008 230509b bl.|||p| |||| 00| 00por d
040 _aBR-BrBNA
_bpor
_cBiblioteca Nacional de Agricultura
041 _a(Pt)
072 _aQO4
100 1 _aSoares Júnior, M.S.
100 1 _aBassinello, P.Z.
100 1 _aCallari, M.
100 1 _aVelasco, P.
100 1 _aReis, R.C. dos
100 1 _aCarvalho, W.T. de
245 1 _aBebidas saborizadas obtidas de extratos de quirera de arroz, de arroz integral e de soja
650 _aBEBIDA
650 _aARROZ
650 _aSOJA
650 _aSUBPRODUTO
650 _aSABOR
650 _aANÁLISE ORGANOLÉPTICA
650 _aPROPRIEDADE FÍSICO-QUÍMICA
773 0 _tCiência e Agrotecnologia (Brazil)
_xISSN 1413-7054
_g(Mar-Apr 2010), v. 34(2) p. 407-413
_wBR2010001968
909 _a202311
_bLúcia
_c55
_dLúcia Elande
942 _2AGRIS
_n0
_cANA
999 _c206656
_d206656